| Tag |
First Indicator |
Second Indicator |
Subfields |
| LEADER |
00000ngm a2200000Mi 4500 |
| 001 |
in00005590607 |
| 006 |
m o c |
| 007 |
cr |n||||||||a |
| 007 |
vz |za|z| |
| 008 |
240307s2022 nyu013 e o vneng d |
| 005 |
20241201233348.7 |
| 035 |
|
|
|a (OCoLC)on1429692173
|
| 040 |
|
|
|a ALSTP
|b eng
|e rda
|c ALSTP
|d OCLCO
|
| 035 |
|
|
|a (OCoLC)1429692173
|
| 049 |
|
|
|a TXAM
|
| 245 |
0 |
0 |
|a 60 minutes.
|p Rescuing reefs /
|c produced by Andy Court.
|
| 246 |
1 |
3 |
|a Sixty minutes.
|p Rescuing reefs
|
| 246 |
3 |
0 |
|a Rescuing reefs
|
| 264 |
|
1 |
|a New York, NY :
|b Columbia Broadcasting System (CBS),
|c 2022.
|
| 300 |
|
|
|a 1 online resource (13 minutes)
|
| 306 |
|
|
|a 001259
|
| 336 |
|
|
|a two-dimensional moving image
|b tdi
|2 rdacontent
|
| 337 |
|
|
|a computer
|b c
|2 rdamedia
|
| 337 |
|
|
|a video
|b v
|2 rdamedia
|
| 338 |
|
|
|a online resource
|b cr
|2 rdacarrier
|
| 347 |
|
|
|a video file
|2 rdaft
|
| 511 |
0 |
|
|a Reporter, Anderson Cooper.
|
| 518 |
|
|
|a Originally broadcast on September 25, 2022.
|
| 588 |
0 |
|
|a Title from resource description page (viewed March 07, 2024).
|
| 520 |
|
|
|a A report on Florida's endangered reefs. Marine biologists work to rebuild the reefs in new and innovative ways. Includes interviews with Andrew Baker and Diego Lirman, marine biologists and professors at the University of Miami; Ross Cunning, a research biologist with the Shedd aquarium; Liv Williamson, a biologist at the University of Miami; and Brian Haus, a professor and Chair of the Department of Ocean Sciences at the University of Miami.
|
| 546 |
|
|
|a In English.
|
| 650 |
|
0 |
|a Coral reefs and islands
|z Florida.
|
| 650 |
|
0 |
|a Endangered ecosystems
|z Florida.
|
| 650 |
|
6 |
|a Récifs et îles de coraux
|z Floride.
|
| 650 |
|
6 |
|a Écosystèmes menacés
|z Floride.
|
| 655 |
|
7 |
|a Television news programs.
|2 lcgft
|
| 655 |
|
7 |
|a Téléjournaux.
|2 rvmgf
|
| 700 |
1 |
|
|a Cooper, Anderson,
|e on-screen presenter,
|e interviewer.
|
| 700 |
1 |
|
|a Court, Andy,
|e producer.
|
| 710 |
2 |
|
|a CBS News Productions,
|e production company.
|
| 730 |
0 |
|
|i In series:
|a 60 minutes (Television program)
|
| 856 |
4 |
0 |
|u http://proxy.library.tamu.edu/login?url=https://www.aspresolver.com/aspresolver.asp?MARC;5526300
|z Connect to this streaming video (Alexander Street Press)
|t 0
|
| 955 |
|
|
|a Alexander Street Press subscription streaming video
|
| 994 |
|
|
|a 92
|b TXA
|
| 999 |
f |
f |
|s 3f632d58-36b8-4b36-9a0e-208900b4e6d2
|i bf9c741a-6b3c-4a10-94bd-9213c2e09134
|t 0
|
| 952 |
f |
f |
|a Texas A&M University
|b College Station
|c Electronic Resources
|d Available Online
|t 0
|h Library of Congress classification
|
| 998 |
f |
f |
|t 0
|l Available Online
|